Logo BPK

Biblioteka

Politechniki Koszalińskiej

Korozja i zabezpieczenia antykorozyjne obiektów ochrony środowiska / (Rekord nr 24380)

Szczegóły MARC
000 -ETYKIETA REKORDU
podpole kontrolne o stałej długości 00836nam a2200241 i 4500
001 - NUMER KONTROLNY REKORDU
pole kontrolne bg
040 ## - ŹRÓDŁO KATALOGOWANIA
Instytucja, która utworzyła rekord BPK
041 0# - KOD JĘZYKA
Kod języka tekstu pl
080 ## - UNIWERSALNA KLASYFIKACJA DZIESIĘTNA - UKD
UKD 628.1/.3:691:620.193](075.8)
008 - POLE O STAŁEJ DŁUGOŚCI - DANE KONTROLNE
podpole kontrolne o stałej długości s pl f |000 0 pol
100 1# - NAZWA OSOBOWA
Nazwa osobowa MIZERA, Jan
245 10 - TYTUŁ/ODPOWIEDZIALNOŚĆ
Tytuł Korozja i zabezpieczenia antykorozyjne obiektów ochrony środowiska /
Pozostałe elementy strefy tytułu i oznaczenia odpowiedzialności Jan Mizera.
260 ## - STREFA ADRESU WYDAWNICZEGO
Miejsce wydania Opole :
Nazwa wydawcy/dystrybutora WSI,
Data publikacji, dystrybucji/powstania dokumentu 1995.
300 ## - STREFA OPISU FIZYCZNEGO
Objętość 166 s. :
Inne cechy fizyczne fot., rys. ;
Rozmiary 24 cm.
490 1# - STREFA SERII I DOKUMENTU WIELOCZĘŚCIOWEGO - FORMA NIE DO WYSZUKIWANIA
Tytuł i oznaczenie odpowiedzialności serii Skrypt Uczelniany / Wyższa Szkoła Inżynierska w Opolu,
ISSN 0860-9004 ;
Numeracja w obrębie serii nr 173
504 ## - UWAGA DOTYCZĄCA BIBLIOGRAFII
Informacje o bibliografii Bibliogr. s. 165-166.
650 #9 - HASŁO PRZEDMIOTOWE W FORMIE NAZWY OGÓLNEJ LUB JEDNOSTKOWEJ
Nazwa ogólna lub geograficzna Korozja i erozja
Określnik ogólny zapobieganie
650 #9 - HASŁO PRZEDMIOTOWE W FORMIE NAZWY OGÓLNEJ LUB JEDNOSTKOWEJ
Nazwa ogólna lub geograficzna Materiały budowlane
Określnik ogólny ochrona
650 #9 - HASŁO PRZEDMIOTOWE W FORMIE NAZWY OGÓLNEJ LUB JEDNOSTKOWEJ
Nazwa ogólna lub geograficzna Technika sanitarna
Określnik ogólny zagadnienia
655 ## - TERMIN INDEKSOWY - OKREŚLENIE RODZAJU/FORMY DOKUMENTU
Określenie rodzaju/formy dokumentu Podręczniki akademickie
830 #0 - HASŁO DODATKOWE SERII LUB DOKUMENTU WIELOCZĘŚCIOWEGO - TYTUŁ UJEDNOLICONY
Tytuł ujednolicony Skrypt Uczelniany (Wyższa Szkoła Inżynierska w Opolu) ;
Oznaczenie tomu nr 173
856 ## - LOKALIZACJA I DOSTĘP DO ELEKTRONICZNYCH DOKUMENTÓW ZDALNYCH
Link (URL) http://koha.tu.koszalin.pl/cgi-bin/koha/opac-detail.pl?biblionumber=24380
Tekst linku Katalog online BPK
942 ## - DODATKOWE ELEMENTY (KOHA)
Typ dokumentu Książka
Egzemplarze
Wycofany Status egzemplarza Uszkodzony Dostępność Lokalizacja stała Lokalizacja bieżąca Miejsce przechowywania Sygnatura Kod kreskowy Typ dokumentu
      Dostępny Biblioteka Politechniki Koszalińskiej Biblioteka Politechniki Koszalińskiej Wypożyczalnia BG P 49071 01239911 Książka
© 2023 Biblioteka Politechniki Koszalińskiej :: KOHA